[Event "Botvinnik Memorial Senior"]
[Site "Suzdal"]
[Date "2011.08.16"]
[Round "6"]
[White "Taimanov, Mark E"]
[Black "Portisch, Lajos"]
[Result "1/2-1/2"]
[WhiteElo "2386"]
[BlackElo "2523"]
[PlyCount "78"]
[EventDate "2011.08.15"]
[EventType "tourn"]
[EventRounds "9"]
[EventCountry "RUS"]
[EventCategory "8"]
[SourceTitle "CBM 143 Extra"]
[Source "ChessBase"]
[SourceDate "2011.08.29"]
[SourceVersion "1"]
[SourceVersionDate "2011.08.29"]
[SourceQuality "1"]

1. c4 e6 2. Nc3 d5 3. d4 Nf6 4. Bg5 Nbd7 5. e3 c6 6. Nf3 Qa5 7. Bxf6 Nxf6 8. Nd2 Bb4 9. Qc2 0-0 10. Bd3 c5 11. Nb3 Bxc3+ 12. bxc3 Qc7 13. dxc5 dxc4 14. Bxc4 Nd7 15. Bd3 h6 16. 0-0 Nxc5 17. Nxc5 Qxc5 18. Rfd1 b6 19. Be4 Rb8 20. Qa4 Bb7 21. Bxb7 Rxb7 22. c4 Rc8 23. Rd4 e5 24. Rd5 Qxc4 25. Qxc4 Rxc4 26. Rxe5 Rd7 27. Re8+ Kh7 28. g3 Ra4 29. h4 h5 30. Re5 g6 31. a3 Kg7 32. Kg2 Kf6 33. Re8 b5 34. Rb1 a6 35. Rb3 Rc4 36. Ra8 Rd6 37. Ra7 Ke6 38. Rb4 Rdc6 39. Rb2 Rd6 1/2-1/2

[Event "Botvinnik Memorial Senior"]
[Site "Suzdal"]
[Date "2011.08.16"]
[Round "4"]
[White "Taimanov, Mark E"]
[Black "Vasiukov, Evgeni"]
[Result "0-1"]
[WhiteElo "2386"]
[BlackElo "2455"]
[PlyCount "76"]
[EventDate "2011.08.15"]
[EventType "tourn"]
[EventRounds "9"]
[EventCountry "RUS"]
[EventCategory "8"]
[SourceTitle "CBM 143 Extra"]
[Source "ChessBase"]
[SourceDate "2011.08.29"]
[SourceVersion "1"]
[SourceVersionDate "2011.08.29"]
[SourceQuality "1"]

1. c4 e5 2. Nc3 Nf6 3. g3 Bb4 4. Bg2 0-0 5. Nf3 Re8 6. 0-0 e4 7. Ng5 Bxc3 8. dxc3 Nc6 9. Qc2 Qe7 10. b3 d6 11. Nh3 Qe5 12. Rd1 Bf5 13. Be3 Bxh3 14. Bxh3 Qh5 15. Bg2 Ng4 16. h3 Nxe3 17. fxe3 Qg5 18. Kf2 Re6 19. Bxe4 Rae8 20. Bf3 Rg6 21. g4 Qxe3+ 22. Kg2 h5 23. Qd2 hxg4 24. hxg4 Qxd2 25. Rxd2 Ne5 26. Kg3 Nxg4 27. Bxg4 Re4 28. Kf3 Rgxg4 29. e3 f5 30. c5 dxc5 31. Rd5 g6 32. Rxc5 c6 33. Rd1 Re7 34. Rd4 Rg1 35. Rd6 Kf7 36. Rc4 Rf1+ 37. Ke2 Rh1 38. Rcd4 Rh2+ 0-1

[Event "Botvinnik Memorial Senior"]
[Site "Suzdal"]
[Date "2011.08.15"]
[Round "2"]
[White "Taimanov, Mark E"]
[Black "Bykhovsky, Anatoly A"]
[Result "1/2-1/2"]
[WhiteElo "2386"]
[BlackElo "2354"]
[PlyCount "48"]
[EventDate "2011.08.15"]
[EventType "tourn"]
[EventRounds "9"]
[EventCountry "RUS"]
[EventCategory "8"]
[SourceTitle "CBM 143 Extra"]
[Source "ChessBase"]
[SourceDate "2011.08.29"]
[SourceVersion "1"]
[SourceVersionDate "2011.08.29"]
[SourceQuality "1"]

1. c4 e6 2. Nf3 d5 3. b3 Nf6 4. Bb2 Be7 5. e3 0-0 6. Nc3 c5 7. d4 Nc6 8. Be2 cxd4 9. exd4 Ne4 10. 0-0 Nxc3 11. Bxc3 b6 12. Qc2 Bf6 13. Rfd1 Qe7 14. Ne5 Bb7 15. Bf3 Rac8 16. Ng4 Rfd8 17. cxd5 Nxd4 18. Nxf6+ Qxf6 19. Bxd4 Qxf3 20. Qxc8 Qxd1+ 21. Rxd1 Bxc8 22. dxe6 Bxe6 23. f3 f6 24. Kf2 Re8 1/2-1/2

[Event "St Petersburg op"]
[Site "St Petersburg"]
[Date "2008.01.21"]
[Round "8"]
[White "Bronnikova, Elizaveta"]
[Black "Taimanov, Mark E"]
[Result "1-0"]
[WhiteElo "2289"]
[BlackElo "2393"]
[PlyCount "75"]
[EventDate "2008.01.14"]
[EventType "swiss"]
[EventRounds "9"]
[EventCountry "RUS"]
[SourceTitle "EXT 2009"]
[Source "ChessBase"]
[SourceDate "2008.11.26"]
[SourceVersion "1"]
[SourceVersionDate "2008.11.26"]
[SourceQuality "1"]

1. e4 c5 2. Nf3 e6 3. d4 cxd4 4. Nxd4 Nc6 5. Nc3 a6 6. Nxc6 bxc6 7. Bd3 d5 8. 0-0 Nf6 9. Qe2 Be7 10. Na4 0-0 11. c4 Bb7 12. e5 Nd7 13. f4 a5 14. b3 Nc5 15. Nxc5 Bxc5+ 16. Be3 Be7 17. f5 exf5 18. Rxf5 g6 19. Raf1 Bc8 20. R5f2 Be6 21. Kh1 Bh4 22. Rf6 Bxf6 23. exf6 dxc4 24. Bxc4 Bxc4 25. Qxc4 Re8 26. Qf4 Qd3 27. Bg1 Kh8 28. Qh6 Rg8 29. Rf3 Qxf3 30. gxf3 a4 31. f4 axb3 32. axb3 Ra1 33. Qg5 Rb1 34. Qg3 Rb8 35. f5 R1xb3 36. Qc7 R3b7 37. Qxc6 gxf5 38. Qg2 1-0

[Event "Oberliga Ost-B 0405"]
[Site "Germany"]
[Date "2004.11.13"]
[Round "2.1"]
[White "Taimanov, Mark E"]
[Black "Donchenko, Anatoly G"]
[Result "0-1"]
[WhiteElo "2409"]
[BlackElo "2416"]
[PlyCount "122"]
[EventDate "2004.10.10"]
[EventType "team-tourn"]
[EventRounds "11"]
[EventCountry "GER"]
[SourceTitle "EXT 2006"]
[Source "ChessBase"]
[SourceDate "2005.11.24"]
[SourceVersion "1"]
[SourceVersionDate "2005.11.24"]
[SourceQuality "1"]
[WhiteTeam "Offenbach"]
[BlackTeam "Hungen Lich"]
[WhiteTeamCountry "GER"]
[BlackTeamCountry "GER"]

1. c4 Nf6 2. Nc3 c5 3. g3 Nc6 4. Bg2 g6 5. a3 Bg7 6. Rb1 a5 7. e4 d6 8. d3 0-0 9. Nge2 Bd7 10. 0-0 Rb8 11. Bd2 b6 12. h3 Ne8 13. f4 Nc7 14. Kh2 b5 15. cxb5 Nxb5 16. Nxb5 Rxb5 17. Bc3 Qb8 18. Qd2 Rb3 19. f5 Bxc3 20. Nxc3 f6 21. fxg6 hxg6 22. e5 Nxe5 23. Bd5+ Kg7 24. Bxb3 Qxb3 25. g4 Rh8 26. Kg3 Qg8 27. Rh1 Qh7 28. h4 Bxg4 29. Rbe1 Qh5 30. Qf4 Bf5 31. Nd5 Kf7 32. Rhf1 g5 33. Qa4 Be6 34. Nc7 c4 35. Re4 gxh4+ 36. Kh2 Qg5 37. Kh1 Rg8 38. Qc2 cxd3 39. Nxe6 dxc2 40. Nxg5+ Rxg5 41. Rc1 Nf3 42. Rc4 h3 43. R4xc2 e5 44. b4 axb4 45. axb4 e4 46. Re2 h2 47. Rg2 Rb5 48. Rb1 Ke6 49. Rg3 d5 50. Rxf3 exf3 51. Kxh2 Ke5 52. Kg3 Ke4 53. Re1+ Kd4 54. Re6 Rxb4 55. Kxf3 Kd3 56. Rxf6 d4 57. Kf2 Rb2+ 58. Ke1 Rb1+ 59. Kf2 Kd2 60. Rf8 d3 61. Ra8 Kd1 0-1

[Event "Oberliga Ost-B 0304"]
[Site "Germany"]
[Date "2004.04.24"]
[Round "10.1"]
[White "Taimanov, Mark E"]
[Black "Gazic, Josip"]
[Result "1-0"]
[WhiteElo "2407"]
[BlackElo "2308"]
[PlyCount "99"]
[EventDate "2003.11.02"]
[EventType "team-tourn"]
[EventRounds "11"]
[EventCountry "GER"]
[SourceTitle "EXT 2005"]
[Source "ChessBase"]
[SourceDate "2004.11.15"]
[SourceVersion "1"]
[SourceVersionDate "2004.11.15"]
[SourceQuality "1"]
[WhiteTeam "Offenbach"]
[BlackTeam "Kassel Hermania"]
[WhiteTeamCountry "GER"]
[BlackTeamCountry "GER"]

1. c4 e5 2. Nc3 Nf6 3. g3 Bb4 4. Nf3 Nc6 5. Nd5 Nxd5 6. cxd5 Nd4 7. Bg2 0-0 8. 0-0 Qe7 9. d3 Nxf3+ 10. Bxf3 f5 11. Qb3 Bd6 12. Bd2 a5 13. Rac1 Kh8 14. e4 fxe4 15. Bxe4 Bc5 16. Be3 Bxe3 17. fxe3 Rxf1+ 18. Rxf1 d6 19. Rf2 b6 20. Qd1 g6 21. Qf1 Kg7 22. Rc2 Ba6 23. Qc1 Rc8 24. Rc3 Qf7 25. Bg2 Kh8 26. Qc2 Bb7 27. e4 Qd7 28. Qf2 Kg7 29. d4 Rf8 30. Qd2 Rf7 31. dxe5 dxe5 32. Qg5 Qd6 33. h4 c6 34. h5 h6 35. Qxg6+ Qxg6 36. hxg6 Rf6 37. Bh3 Rd6 38. Bf5 c5 39. g4 Ba6 40. Kf2 Bb5 41. Rh3 Bd7 42. Ke3 b5 43. g5 Bxf5 44. exf5 hxg5 45. Rh7+ Kg8 46. Ke4 g4 47. Kxe5 g3 48. Kxd6 g2 49. f6 g1Q 50. f7+ 1-0

[Event "Oberliga Ost-B 0304"]
[Site "Germany"]
[Date "2004.02.15"]
[Round "7.1"]
[White "Giesen, Dieter"]
[Black "Taimanov, Mark E"]
[Result "1/2-1/2"]
[WhiteElo "2209"]
[BlackElo "2407"]
[PlyCount "118"]
[EventDate "2003.11.02"]
[EventType "team-tourn"]
[EventRounds "11"]
[EventCountry "GER"]
[SourceTitle "EXT 2005"]
[Source "ChessBase"]
[SourceDate "2004.11.15"]
[SourceVersion "1"]
[SourceVersionDate "2004.11.15"]
[SourceQuality "1"]
[WhiteTeam "Wiesbaden"]
[BlackTeam "Offenbach"]
[WhiteTeamCountry "GER"]
[BlackTeamCountry "GER"]

1. e4 c5 2. Nf3 e6 3. Nc3 Nc6 4. Bb5 Nge7 5. d4 cxd4 6. Nxd4 a6 7. Bxc6 bxc6 8. 0-0 c5 9. Nf3 Ng6 10. Re1 d6 11. Bg5 f6 12. Bh4 Nxh4 13. Nxh4 g6 14. f4 f5 15. Nf3 Be7 16. exf5 gxf5 17. Ng5 Bxg5 18. Qh5+ Kd7 19. fxg5 Kc7 20. Rad1 Qg8 21. Qh4 Bb7 22. g6 Rd8 23. Qe7+ Rd7 24. Qxe6 hxg6 25. Qxg8 Rxg8 26. Nd5+ Bxd5 27. Rxd5 a5 28. c4 a4 29. b3 f4 30. Rg5 axb3 31. axb3 Rb8 32. Rb1 Rg7 33. Kf2 Rh8 34. h3 Rh5 35. Rxh5 gxh5 36. b4 Rg3 37. bxc5 dxc5 38. Re1 h4 39. Re5 f3 40. Rxc5+ Kd6 41. Rd5+ Kc6 42. gxf3 Rxh3 43. Rh5 Rh2+ 44. Kg1 Rh3 45. Kg2 Rg3+ 46. Kf2 Rh3 47. Ke3 Rh1 48. Kf4 Rc1 49. Rxh4 Rxc4+ 50. Kg3 Rc1 51. Rd4 Rg1+ 52. Kf4 Rg8 53. Ke3 Re8+ 54. Re4 Rf8 55. f4 Kd7 56. Rd4+ Ke7 57. Ke4 Ke6 58. Ra4 Rb8 59. Ra6+ Kf7 1/2-1/2

[Event "Rilton Cup 33rd"]
[Site "Stockholm"]
[Date "2004.01.04"]
[Round "8"]
[White "Lobron, Eric"]
[Black "Taimanov, Mark E"]
[Result "1-0"]
[WhiteElo "2497"]
[BlackElo "2407"]
[PlyCount "95"]
[EventDate "2003.12.27"]
[EventType "swiss"]
[EventRounds "9"]
[EventCountry "SWE"]
[SourceTitle "CBM 097 Extra"]
[Source "ChessBase"]
[SourceDate "2004.01.13"]
[SourceVersion "1"]
[SourceVersionDate "2004.01.13"]
[SourceQuality "1"]

1. e4 c5 2. Nf3 e6 3. d4 cxd4 4. Nxd4 Nc6 5. Nc3 Qc7 6. Be2 a6 7. 0-0 Nf6 8. Be3 Ne5 9. f4 Nc4 10. Bxc4 Qxc4 11. e5 Nd5 12. Nxd5 Qxd5 13. c4 Qe4 14. Qd2 Bb4 15. Qf2 0-0 16. a3 Bc5 17. Rae1 d6 18. Nxe6 fxe6 19. Bxc5 Qxc4 20. exd6 Bd7 21. Qe3 Rac8 22. Bd4 Qd5 23. Qe5 Qxe5 24. Bxe5 Rc2 25. Rf3 Rfc8 26. Rg3 g6 27. h4 Kf7 28. h5 Rg8 29. Ree3 Bc6 30. Rd3 Ke8 31. Kh2 Kd7 32. Rde3 Bd5 33. Rg5 Bc6 34. Rh3 Be4 35. hxg6 Bxg6 36. Rb3 b5 37. a4 Rb8 38. axb5 Rxb5 39. Rxb5 axb5 40. Rg3 b4 41. Re3 Rd2 42. Re1 Kc6 43. Kh3 h5 44. g3 Bf5+ 45. Kh4 Rh2+ 46. Kg5 Rg2 47. Rc1+ Kb5 48. Kf6 1-0

[Event "Wch Seniors 13th"]
[Site "Bad Zwischenahn"]
[Date "2003.11.27"]
[Round "9"]
[White "Taimanov, Mark E"]
[Black "Litvinov, Vladimir"]
[Result "0-1"]
[WhiteElo "2407"]
[BlackElo "2352"]
[PlyCount "80"]
[EventDate "2003.11.16"]
[EventType "swiss"]
[EventRounds "11"]
[EventCountry "GER"]
[SourceTitle "CBM 097 Extra"]
[Source "ChessBase"]
[SourceDate "2004.01.13"]
[SourceVersion "1"]
[SourceVersionDate "2004.01.13"]
[SourceQuality "1"]

1. c4 Nf6 2. Nc3 c6 3. Nf3 d5 4. e3 e6 5. b3 Nbd7 6. Bb2 Bd6 7. Be2 a6 8. d4 b5 9. 0-0 0-0 10. Rc1 Bb7 11. Qc2 Rc8 12. Rfd1 b4 13. Na4 c5 14. dxc5 Nxc5 15. Nxc5 Bxc5 16. Bd3 h6 17. Qe2 a5 18. Ne5 Qe7 19. Ng4 Ne4 20. Bxe4 dxe4 21. Nxh6+ Kh7 22. Ng4 f6 23. h3 e5 24. Rc2 Bc6 25. Nh2 f5 26. Rcd2 a4 27. Rd5 Bxd5 28. Rxd5 Bd6 29. f4 exf4 30. Qh5+ Kg8 31. Rxf5 Rxf5 32. Qxf5 Rc5 33. Qg4 f3 34. Bd4 Bxh2+ 35. Kxh2 Rg5 36. Qc8+ Kh7 37. gxf3 exf3 38. Qc6 Rf5 39. e4 Qg5 40. Be3 Kg8 0-1

[Event "Oberliga Ost-B 0304"]
[Site "Germany"]
[Date "2003.11.22"]
[Round "2.1"]
[White "Taimanov, Mark E"]
[Black "Marchio, Enrico"]
[Result "0-1"]
[WhiteElo "2407"]
[BlackElo "2272"]
[PlyCount "108"]
[EventDate "2003.11.02"]
[EventType "team-tourn"]
[EventRounds "11"]
[EventCountry "GER"]
[SourceTitle "EXT 2005"]
[Source "ChessBase"]
[SourceDate "2004.11.15"]
[SourceVersion "1"]
[SourceVersionDate "2004.11.15"]
[SourceQuality "1"]
[WhiteTeam "Offenbach"]
[BlackTeam "Schoeneck II"]
[WhiteTeamCountry "GER"]
[BlackTeamCountry "GER"]

1. c4 c6 2. Nf3 d5 3. e3 Nf6 4. Nc3 e6 5. b3 Nbd7 6. Bb2 Bd6 7. Be2 a6 8. 0-0 e5 9. cxd5 cxd5 10. d3 0-0 11. Rc1 Qe7 12. Qc2 b5 13. a4 b4 14. Na2 Bb7 15. d4 e4 16. Ne5 Rac8 17. Qd2 a5 18. Nxd7 Nxd7 19. Rxc8 Bxc8 20. Rc1 f5 21. g3 g5 22. f4 exf3 23. Bxf3 Nf6 24. Qd3 Bd7 25. Rc2 h5 26. Nc1 h4 27. Ne2 hxg3 28. hxg3 Ne4 29. Qa6 Kg7 30. Qxa5 g4 31. Bg2 Nxg3 32. Bc1 Nxe2+ 33. Rxe2 f4 34. Bxd5 f3 35. Rf2 Bg3 36. Rc2 Bf4 37. Qc5 Bxe3+ 38. Kf1 Qxc5 39. Rxc5 Bxc1 40. Rxc1 Kg6 41. Kf2 Kg5 42. Re1 Bf5 43. Rh1 Rd8 44. Bb7 Rxd4 45. Kg3 Rd2 46. Rg1 Rd3 47. a5 Rxb3 48. a6 Ra3 49. Rf1 b3 50. Rf2 Ra2 51. Bd5 Rxf2 52. Kxf2 Kf4 53. a7 g3+ 54. Ke1 b2 0-1

[Event "Wch Seniors 13th"]
[Site "Bad Zwischenahn"]
[Date "2003.11.17"]
[Round "1"]
[White "Schneider, Miloca"]
[Black "Taimanov, Mark E"]
[Result "0-1"]
[WhiteElo "1815"]
[BlackElo "2407"]
[PlyCount "74"]
[EventDate "2003.11.16"]
[EventType "swiss"]
[EventRounds "11"]
[EventCountry "GER"]
[SourceTitle "CBM 097 Extra"]
[Source "ChessBase"]
[SourceDate "2004.01.13"]
[SourceVersion "1"]
[SourceVersionDate "2004.01.13"]
[SourceQuality "1"]

1. d4 Nf6 2. c4 e6 3. Nf3 Bb4+ 4. Bd2 a5 5. Nc3 b6 6. g3 0-0 7. Bg2 Ba6 8. b3 Qe7 9. 0-0 d5 10. Ne5 c6 11. Na4 Nfd7 12. Nxd7 Nxd7 13. Nb2 Rac8 14. Bxb4 Qxb4 15. e3 dxc4 16. Nxc4 Bxc4 17. bxc4 Qxc4 18. Rc1 Qxa2 19. Rxc6 Rxc6 20. Bxc6 Nb8 21. Bb7 Qa3 22. Qb1 Qd6 23. Rc1 Rd8 24. Rc3 g6 25. Qc2 Rd7 26. Bc8 Ra7 27. Qa4 Kg7 28. e4 Qb4 29. Qc2 Qxd4 30. Rc7 Rxc7 31. Qxc7 Qxe4 32. Qxb8 Qd4 33. Qb7 Kf8 34. Qc7 a4 35. Bd7 a3 36. Qd8+ Kg7 37. Qe7 a2 0-1

[Event "EU-ch Seniors 03rd"]
[Site "Saint Vincent"]
[Date "2003.09.24"]
[Round "8"]
[White "Joksic, Sinisa"]
[Black "Taimanov, Mark E"]
[Result "1/2-1/2"]
[WhiteElo "2253"]
[BlackElo "2407"]
[PlyCount "24"]
[EventDate "2003.09.17"]
[EventType "swiss"]
[EventRounds "9"]
[EventCountry "ITA"]
[SourceTitle "CBM 096 Extra"]
[Source "ChessBase"]
[SourceDate "2003.10.22"]
[SourceVersion "2"]
[SourceVersionDate "2003.10.20"]
[SourceQuality "1"]

1. d4 Nf6 2. c4 e6 3. Nf3 d5 4. g3 dxc4 5. Qa4+ Bd7 6. Qxc4 Nc6 7. Bg2 Rc8 8. 0-0 Na5 9. Qd3 c5 10. Ne5 Nc6 11. Bxc6 Bxc6 12. dxc5 Bxc5 1/2-1/2

[Event "EU-ch Seniors 03rd"]
[Site "Saint Vincent"]
[Date "2003.09.23"]
[Round "7"]
[White "Taimanov, Mark E"]
[Black "Ljangov, Petar"]
[Result "1-0"]
[WhiteElo "2407"]
[BlackElo "2169"]
[PlyCount "125"]
[EventDate "2003.09.17"]
[EventType "swiss"]
[EventRounds "9"]
[EventCountry "ITA"]
[SourceTitle "CBM 096 Extra"]
[Source "ChessBase"]
[SourceDate "2003.10.22"]
[SourceVersion "2"]
[SourceVersionDate "2003.10.20"]
[SourceQuality "1"]

1. c4 Nf6 2. Nc3 e5 3. g3 d6 4. Bg2 g6 5. Nf3 Bg7 6. 0-0 0-0 7. d3 Nc6 8. Rb1 a5 9. a3 Re8 10. Ne1 Nd4 11. e3 Nf5 12. Nc2 c6 13. e4 Nd4 14. Nxd4 exd4 15. Ne2 Nd7 16. b4 axb4 17. axb4 Qb6 18. Qc2 Qa7 19. Bb2 c5 20. Ra1 Qb8 21. Rxa8 Qxa8 22. Ra1 Qb8 23. Qa4 Rf8 24. Nf4 Ne5 25. Qb3 cxb4 26. Ra5 Nc6 27. Rb5 Bd7 28. Nd5 Qa7 29. Rb6 Be6 30. Rb5 Bd7 31. Qd1 Rb8 32. Bf1 h6 33. Kg2 Qa2 34. Nxb4 Nxb4 35. Rxb4 Bc6 36. Qb3 Qxb3 37. Rxb3 Ra8 38. Ba3 Bf8 39. Bb2 Bg7 40. Be2 Ra5 41. Rb6 Ra6 42. Rb4 f5 43. Bf3 fxe4 44. Bxe4 Bxe4+ 45. dxe4 d3 46. Kf3 Bxb2 47. Rxb2 Ra4 48. Rb6 Rxc4 49. Rxd6 Kf7 50. Rxd3 Rb4 51. Rd6 Rb2 52. h4 h5 53. Ke3 b5 54. Rb6 b4 55. f3 b3 56. Kf4 Rb1 57. Ke5 Rg1 58. Rb7+ Kg8 59. Rxb3 Rxg3 60. Kf6 Kh7 61. e5 Rg2 62. e6 Re2 63. e7 1-0

[Event "EU-ch Seniors 03rd"]
[Site "Saint Vincent"]
[Date "2003.09.17"]
[Round "1"]
[White "Taimanov, Mark E"]
[Black "Luneau, Gilles"]
[Result "1-0"]
[WhiteElo "2407"]
[BlackElo "2035"]
[PlyCount "57"]
[EventDate "2003.09.17"]
[EventType "swiss"]
[EventRounds "9"]
[EventCountry "ITA"]
[SourceTitle "CBM 096 Extra"]
[Source "ChessBase"]
[SourceDate "2003.10.22"]
[SourceVersion "2"]
[SourceVersionDate "2003.10.20"]
[SourceQuality "1"]

1. c4 b6 2. Nc3 e6 3. d4 Bb7 4. Nf3 f5 5. g3 Bxf3 6. exf3 Nf6 7. Bg2 Nc6 8. 0-0 Rc8 9. d5 Ne7 10. Re1 exd5 11. cxd5 Kf7 12. Bg5 h6 13. Bxf6 gxf6 14. f4 h5 15. Qa4 a5 16. Rad1 Rb8 17. Nb5 Nc8 18. Qc2 Nd6 19. Nxd6+ Bxd6 20. Qxf5 Bb4 21. Re2 Kg7 22. Bf3 h4 23. Bh5 Rxh5 24. Qxh5 hxg3 25. hxg3 d6 26. a3 Bc5 27. Rde1 Qg8 28. Re7+ Kf8 29. Qh6+ 1-0

[Event "Oberliga Ost-B 0203"]
[Site "Germany"]
[Date "2003.02.09"]
[Round "7.1"]
[White "Taimanov, Mark E"]
[Black "Margolin, Boris"]
[Result "1/2-1/2"]
[WhiteElo "2425"]
[BlackElo "2410"]
[PlyCount "120"]
[EventDate "2002.10.20"]
[EventType "team"]
[EventRounds "11"]
[EventCountry "GER"]
[SourceTitle "EXT 2004"]
[Source "ChessBase"]
[SourceDate "2003.11.25"]
[SourceVersion "1"]
[SourceVersionDate "2003.11.25"]
[SourceQuality "1"]
[WhiteTeam "Offenbach"]
[BlackTeam "Oberursel"]
[WhiteTeamCountry "GER"]
[BlackTeamCountry "GER"]

1. c4 c5 2. Nc3 Nc6 3. g3 g6 4. Bg2 Bg7 5. a3 a5 6. d3 d6 7. e3 e5 8. Nge2 Nge7 9. 0-0 0-0 10. Bd2 Be6 11. Nd5 f5 12. Nec3 Kh8 13. Rb1 Rb8 14. Qa4 g5 15. b4 axb4 16. axb4 f4 17. exf4 gxf4 18. Rfe1 f3 19. Bf1 cxb4 20. Nxb4 Nxb4 21. Qxb4 Nc6 22. Qb6 Qd7 23. Nd5 Bh3 24. Qc7 Qe6 25. Nf4 Rxf4 26. Bxf4 Bxf1 27. Rxb7 Rxb7 28. Qxb7 Nd4 29. Qb8+ Qg8 30. Qxg8+ Kxg8 31. Kxf1 exf4 32. Re7 fxg3 33. hxg3 h5 34. Rd7 Nf5 35. c5 dxc5 36. Rd5 Nd4 37. Rxc5 h4 38. gxh4 Kh7 39. Kg1 Bf6 40. Kh2 Kg6 41. Kg3 Nf5+ 42. Kxf3 Nxh4+ 43. Ke4 Kf7 44. Rc7+ Be7 45. f4 Ke6 46. d4 Nf5 47. d5+ Kf6 48. Kf3 Bd6 49. Rc4 Ne7 50. Ke4 Nf5 51. Rc3 Bb4 52. Rc6+ Bd6 53. Ra6 Ng3+ 54. Kd3 Nf5 55. Rb6 Ke7 56. Rb1 Kf6 57. Re1 Bxf4 58. Ke4 Kg5 59. Rg1+ Ng3+ 60. Kf3 Bd6 1/2-1/2

[Event "Rilton Cup 32nd"]
[Site "Stockholm"]
[Date "2003.01.05"]
[Round "9"]
[White "Taimanov, Mark E"]
[Black "Timmermans, Ivo"]
[Result "1-0"]
[WhiteElo "2406"]
[BlackElo "2180"]
[PlyCount "67"]
[EventDate "2002.12.27"]
[EventType "swiss"]
[EventRounds "9"]
[EventCountry "SWE"]
[SourceTitle "CBM 091 Extra"]
[Source "ChessBase"]
[SourceDate "2003.01.09"]
[SourceVersion "1"]
[SourceVersionDate "2003.01.09"]
[SourceQuality "1"]

1. c4 e5 2. Nc3 Nf6 3. g3 Bb4 4. Bg2 0-0 5. Qb3 Na6 6. a3 Be7 7. Qc2 Nc5 8. Nf3 d6 9. b4 Ne6 10. e3 a5 11. Bb2 Nd7 12. 0-0 f5 13. Nd5 c6 14. Nxe7+ Qxe7 15. Nh4 Qf7 16. f4 exf4 17. exf4 Nc7 18. Rfe1 Nb6 19. d3 Bd7 20. Bd4 Nc8 21. Nf3 axb4 22. axb4 Rxa1 23. Rxa1 b6 24. c5 bxc5 25. bxc5 Qd5 26. Bf2 Qe6 27. Re1 Qf6 28. cxd6 Nxd6 29. Ne5 Be8 30. Nxc6 Bxc6 31. Qxc6 Nce8 32. Bd5+ Kh8 33. Re6 Qa1+ 34. Kg2 1-0

[Event "Wch Seniors 13th"]
[Site "Bad Zwischenahn"]
[Date "2003.??.??"]
[Round "?"]
[White "Taimanov, Mark E"]
[Black "Karl, Hans"]
[Result "0-1"]
[WhiteElo "2407"]
[BlackElo "2280"]
[PlyCount "142"]
[EventDate "2003.11.16"]
[EventType "swiss"]
[EventRounds "11"]
[EventCountry "GER"]
[SourceTitle "CBM 097 Extra"]
[Source "ChessBase"]
[SourceDate "2004.01.13"]
[SourceVersion "1"]
[SourceVersionDate "2004.01.13"]
[SourceQuality "1"]

1. c4 Nf6 2. Nc3 g6 3. g3 Bg7 4. Bg2 d6 5. Nf3 0-0 6. 0-0 e5 7. Rb1 a5 8. a3 Re8 9. e4 Nc6 10. d3 Bg4 11. h3 Bd7 12. Be3 Qe7 13. b4 axb4 14. axb4 Ra3 15. Nb5 Ra2 16. Nxc7 Rc8 17. Nb5 Rca8 18. Nc3 R2a3 19. Qc2 Ne8 20. Nd5 Qd8 21. Bb6 Qb8 22. b5 Nd4 23. Nxd4 exd4 24. Rb3 Be6 25. Nb4 Qc8 26. Kh2 Nf6 27. Bxd4 Ng4+ 28. hxg4 Bxd4 29. g5 Qd8 30. f4 h6 31. Rxa3 Rxa3 32. Qc1 Rc3 33. Qd2 hxg5 34. f5 Bd7 35. Nd5 Rb3 36. f6 Be6 37. Ne7+ Kf8 38. Qxg5 Ke8 39. Nxg6 Kd7 40. Nh4 Rxd3 41. c5 dxc5 42. e5 Kc7 43. b6+ Kxb6 44. Rb1+ Rb3 45. Rxb3+ Bxb3 46. Bh3 Qd5 47. Ng6 Qe4 48. e6 Qe1 49. Bf5 Bd5 50. Kh3 Bxe6 51. Nf4 Bc4 52. Kh4 Qe5 53. Nh5 Be6 54. Bxe6 Qxe6 55. Qf4 Ka6 56. Qf1+ b5 57. g4 Ka5 58. g5 Qe4+ 59. Kh3 b4 60. Ng3 Qe6+ 61. Kh4 b3 62. Nf5 Qe4+ 63. Kh5 b2 64. Nxd4 cxd4 65. Qc4 b1Q 66. Qc5+ Ka4 67. Qa7+ Kb4 68. Qb6+ Kc3 69. Qa5+ Kd3 70. Qa6+ Ke3 71. Qa3+ Kf2 0-1

[Event "Oberliga Ost-B 0203"]
[Site "Germany"]
[Date "2002.11.17"]
[Round "3.1"]
[White "Grabarczyk, Miroslaw"]
[Black "Taimanov, Mark E"]
[Result "1-0"]
[WhiteElo "2514"]
[BlackElo "2425"]
[PlyCount "81"]
[EventDate "2002.10.20"]
[EventType "team"]
[EventRounds "11"]
[EventCountry "GER"]
[SourceTitle "EXT 2004"]
[Source "ChessBase"]
[SourceDate "2003.11.25"]
[SourceVersion "1"]
[SourceVersionDate "2003.11.25"]
[SourceQuality "1"]
[WhiteTeam "Griesheim"]
[BlackTeam "Offenbach"]
[WhiteTeamCountry "GER"]
[BlackTeamCountry "GER"]

1. d4 Nf6 2. c4 e6 3. g3 d5 4. Nf3 dxc4 5. Qa4+ Bd7 6. Qxc4 Nc6 7. Bg2 Na5 8. Qd3 c5 9. 0-0 Qb6 10. Nc3 cxd4 11. Qxd4 Qxd4 12. Nxd4 Bc5 13. Nb3 Nxb3 14. axb3 Ke7 15. Bf4 Bc6 16. Bxc6 bxc6 17. Ra6 Bb6 18. Na4 Nd5 19. Ra1 Rad8 20. Nxb6 axb6 21. Be5 Rd7 22. Ra7 Rhd8 23. Bxg7 f6 24. e4 Nb4 25. e5 fxe5 26. Bxe5 Nd5 27. Kg2 Kf7 28. Rxd7+ Rxd7 29. Ra8 Kg6 30. Rf8 h5 31. Kf3 Rf7+ 32. Rxf7 Kxf7 33. Ke4 Kg6 34. h3 Kf7 35. f3 Kg6 36. g4 Kg5 37. Bg3 Nb4 38. Bc7 Nd5 39. Bd8+ Kg6 40. Ke5 b5 41. Bh4 1-0

[Event "Wch Seniors 12th"]
[Site "Naumburg"]
[Date "2002.11.01"]
[Round "10"]
[White "Taimanov, Mark E"]
[Black "Asmundsson, Ingvar"]
[Result "1/2-1/2"]
[WhiteElo "2406"]
[BlackElo "2358"]
[PlyCount "170"]
[EventDate "2002.10.21"]
[EventType "swiss"]
[EventRounds "11"]
[EventCountry "GER"]
[SourceTitle "EXT 2006"]
[Source "ChessBase"]
[SourceDate "2005.11.24"]
[SourceVersion "1"]
[SourceVersionDate "2005.11.24"]
[SourceQuality "1"]

1. c4 c6 2. Nf3 d5 3. e3 Nf6 4. Nc3 e6 5. b3 Bd6 6. Bb2 0-0 7. Qc2 a6 8. d4 Nbd7 9. Bd3 Qe7 10. Rd1 e5 11. cxd5 cxd5 12. dxe5 Nxe5 13. Be2 Nc6 14. 0-0 Be6 15. Ng5 Nb4 16. Qb1 h6 17. Nxe6 fxe6 18. Bf3 Nd7 19. Ne2 Ne5 20. Bxe5 Bxe5 21. e4 Qg5 22. Qc1 Qxc1 23. Nxc1 d4 24. Bg4 Kf7 25. f4 Bc7 26. Rf2 Ke7 27. g3 e5 28. a3 Nc6 29. Nd3 g5 30. f5 Bd6 31. b4 Nb8 32. Re1 Nd7 33. Rc2 Nf6 34. Bf3 b6 35. Rc6 Rfb8 36. Nxe5 Bxe5 37. Re6+ Kd7 38. Rxe5 Re8 39. Rxe8 Rxe8 40. Rd1 Nxe4 41. Rxd4+ Nd6 42. Kf2 Ke7 43. g4 Rc8 44. Rd2 Rc3 45. Re2+ Kd7 46. Re6 Rxa3 47. Rxh6 Rd3 48. Rh7+ Ke8 49. Rg7 Nf7 50. Rg8+ Ke7 51. Rb8 Rd6 52. Be2 b5 53. Rb7+ Kf6 54. h3 Ne5 55. Ke3 Nd7 56. Ke4 Ke7 57. Ra7 Rh6 58. Bf1 Rc6 59. Ke3 Kd6 60. Bg2 Rc3+ 61. Kd2 Ra3 62. Bb7 Rxh3 63. Rxa6+ Kc7 64. Be4 Rg3 65. f6 Rxg4 66. Ra7+ Kb6 67. Rb7+ Ka6 68. Rxd7 Rxe4 69. Rd6+ Kb7 70. Kc3 Rf4 71. Rd5 Rxf6 72. Rxb5+ Kc6 73. Rxg5 Rh6 74. Kb3 Kb6 75. Ka4 Rf6 76. Rg8 Rh6 77. Rb8+ Ka7 78. Rb5 Ka6 79. Rg5 Kb6 80. Rg4 Rf6 81. Rg5 Rh6 82. Rg8 Rf6 83. Rg4 Rh6 84. Kb3 Rf6 85. Ka4 Re6 1/2-1/2